000 00316nam a22001217a 4500
008 200131b ||||| |||| 00| 0 eng d
020 _a9789384323219
082 _a005.131 LII
100 _aLINZ, Peter
245 _aIntroduction to Formal Languages and Automata
250 _aPage-449
260 _bJONES Bartlett
_c2019
999 _c8448
_d8448